Statistics for European countries by area

Click here to take the quiz!

General Stats

  • This quiz has been taken 15 times
  • The average score is 25 of 45

Answer Stats

HintAnswer% Correct
3,968,200 km²Russia
100%
603,628 km²Ukraine
92%
551,695 km²France
83%
498,511 km²Spain
83%
338,145 km²Finland
75%
357,386 km²Germany
75%
385,178 km²Norway
75%
450,295 km²Sweden
75%
207,600 km²Belarus
67%
312,685 km²Poland
67%
238,397 km²Romania
67%
131,940 km²Greece
58%
301,318 km²Italy
58%
64,589 km²Latvia
58%
65,300 km²Lithuania
58%
242,495 km²United Kingdom
58%
28,748 km²Albania
50%
468 km²Andorra
50%
83,858 km²Austria
50%
30,510 km²Belgium
50%
44,493 km²Denmark
50%
45,339 km²Estonia
50%
10,887 km²Kosovo
50%
160 km²Liechtenstein
50%
2,586 km²Luxembourg
50%
33,846 km²Moldova
50%
2 km²Monaco
50%
13,812 km²Montenegro
50%
41,198 km²Netherlands
50%
61 km²San marino
50%
49,063 km²Slovakia
50%
20,273 km²Slovenia
50%
0.49 km²Vatican city
50%
51,129 km²Bosnia and
Herzegovina
42%
56,594 km²Croatia
42%
78,866 km²Czech Republic
42%
93,030 km²Hungary
42%
102,775 km²Iceland
42%
70,273 km²Ireland
42%
25,713 km²North Macedonia
42%
88,416 km²Portugal
42%
88,361 km²Serbia
42%
41,290 km²Switzerland
42%
110,994 km²Bulgaria
33%
316 km²Malta
33%

Score Distribution

Percentile by Number Answered

Percent of People with Each Score

Your Score History

You have not taken this quiz